000 00786cam a2200289 i 4500
999 _c113941
_d113941
003 BJBSDDR
005 20230411090630.0
007 ta
008 130401s2015 sp a 000 0 spa
020 _a9788490626092
020 _a849062609X
040 _bspa
_cBJBSDDR
041 0 _aspa
050 1 4 _aPQ 8498.32
_bV297s 2015
100 1 _aVargas Llosa, Mario,
_d1936-
245 1 3 _aEl sueño del celta /
_bMario Vargas Llosa.
260 _aBarcelona :
_bDebolsillo,
_c2015.
300 _a453 p. ;
_b19 cm
490 _aContemporánea
586 _aPremio Nobel de Literatura 2010
650 0 _aLiterature.
650 4 _aLiteratura peruana
_94625
650 4 _aNovela peruana
_92356
830 _910906
_aContemporánea (Debolsillo)
942 _2lcc
_cBK
946 _adpf